Datum a čas kvízu
24.5
Celkem bodů
Celkový počet nahraných bodů na tomto kvízu bez doplňovacích otázek.
6.
Pořadí na kvízu
Konečné umístění týmu na tomto kvízu.
Zaznamenané odpovědi
| # | Otázka | Odpověď | Body | Výsledky |
|---|---|---|---|---|
| 1. | Až v americké Atlantě skončily... | Benešovi | 1 | |
| 2. | Parlament jisté evropské země... | Spojené království Velké Británie a Severního Irska | 0 | |
| 3. | Minulé pondělí se vrátilo do e... | banán | 0 | |
| 4. | Autobusový dopravce Flixbus po... | Eurolines | 0 | |
| 5. | Jeden český hokejový klub naps... | HC Sparta Praha | 1 | |
| 6. | Jelikož minulý týden uplynulo... | Německo | 1 | |
| 7. | V celkem kolika státech EU (vč... | v sedmi státech | 1 | |
| 8. | Která ze členských zemí EU má... | Švédsko | 1 | |
| 9. | Které tři státy EU mají nejmen... | Kypr, Lucembursko, Malta | 0 | |
| 10. | V roce 1986 rozšířily Evropská... | Španělsko a Portugalsko | 1 |